000 00292nam a22001337a 4500
008 170619b xxu||||| |||| 00| 0 eng d
020 _a0312292430
041 _aeng
080 _a32
100 _a20
101 _aSHP
245 _aWHERE THE GRASS IS GREENER,
_cSMITH,D.M
942 _2udc
_cBK
999 _c18010
_d18010